| 000 | 01064nas a2200361 4500 | ||
|---|---|---|---|
| 001 | BR2012000652 | ||
| 003 | BR-BrBNA | ||
| 005 | 20231205120053.0 | ||
| 007 | ta | ||
| 008 | 230509b bl.|||p| |||| 00| 00por d | ||
| 040 |
_aBR-BrBNA _bpor _cBiblioteca Nacional de Agricultura |
||
| 041 | _a(En) | ||
| 072 | _aH10 | ||
| 100 | 1 | _aTrindade, R.C.P. | |
| 100 | 1 | _aSilva, P.P. da | |
| 100 | 1 | _aAraújo Júnior, J.X. de | |
| 100 | 1 | _aLima, I.S. de | |
| 100 | 1 | _aPaula, J.E. de | |
| 100 | 1 | _aSant`Ana, A.E.G. | |
| 245 | 1 | _aMortality of Plutella xylostella larvae treated with Aspidosperma pyrifolium ethanol extracts | |
| 650 | _aTRAÇA DA CRUCÍFERAS | ||
| 650 | _aPLUTELLA XYLOSTELLA | ||
| 650 | _aLARVA | ||
| 650 | _aPRAGA DE PLANTA | ||
| 650 | _aINSETICIDA | ||
| 650 | _aALCALÓIDE | ||
| 650 | _aEXTRATO | ||
| 650 | _aCASCA | ||
| 650 | _aCAULE | ||
| 773 | 0 |
_tPesquisa Agropecuária Brasileira (Brazil) _xISSN 0100-204X _g(Dec 2008), v. 43(12) p. 1813-1816 _wBR2012000652 |
|
| 909 |
_a202311 _bLúcia _c55 _dLúcia Elande |
||
| 942 |
_2AGRIS _n0 _cANA |
||
| 999 |
_c216932 _d216932 |
||